[Event "EYTCC Open U18 2018"]
[Site "Bad Blankeburg"]
[Date "2018.07.17"]
[Round "6"]
[White "Siniauski, Artsiom"]
[Black "Morgunov, Daniel"]
[Result "0-1"]
[WhiteElo "1967"]
[BlackElo "2346"]
[Annotator "NA"]
[PlyCount "76"]
[EventDate "2018.07.12"]
[EventType "swiss"]
[EventCountry "GER"]
[SourceTitle "playchess.com"]
[Source "ChessBase"]
[SourceQuality "1"]
[WhiteTeam "Belarus"]
[WhiteTeamCountry "BLR"]
[TimeControl "40/5400+30:1800+30"]

1. e4 {[%emt 0:00:00]} e5 {[%emt 0:00:00]} 2. Nf3 {[%emt 0:00:00]} Nc6 {[%emt 0:00:00]} 3. Bb5 {[%emt 0:00:00]} a6 {[%emt 0:00:00]} 4. Ba4 {[%emt 0:00:00]} Nf6 {[%emt 0:00:00]} 5. d3 {[%emt 0:00:06]} b5 {[%emt 0:00:05]} 6. Bb3 {[%emt 0:00:05]} Be7 {[%emt 0:00:04]} 7. O-O {[%emt 0:00:18]} d6 {[%emt 0:00:06]} 8. c3 {[%emt 0:01:13]} O-O {[%emt 0:00:41]} 9. Re1 {[%emt 0:00:10]} Na5 {[%emt 0:00:08]} 10. Bc2 {[%emt 0:00:07]} c5 {[%emt 0:00:06]} 11. Nbd2 {[%emt 0:01:05]} Nc6 {[%emt 0:00:14]} 12. Nf1 {[%emt 0:00:17]} Re8 {[%emt 0:00:25]} 13. Ng3 {[%emt 0:02:11]} h6 {[%emt 0:03:43] C90: Closed Ruy Lopez with 7...d6: Early deviations} 14. h3 {[%emt 0:02:02]} Bf8 {[%emt 0:00:28]} (14... Be6 15. Nh2 Bf8 16. Qf3 d5 17. Ng4 Nxg4 18. hxg4 d4 19. Nf5 Rc8 20. Bd2 c4 21. Rad1 dxc3 22. bxc3 cxd3 23. Bxd3 {1-0 (37) Vachier Lagrave,M (2789)-Fressinet,L (2662) Riadh 2017}) 15. Nf5 {[%emt 0:02:36]} Bxf5 {[%emt 0:12:21]} 16. exf5 {[%emt 0:00:07]} Qd7 $146 {[%emt 0:01:52]} ({Predecessor:} 16... d5 17. g4 Qd6 18. Nh2 e4 19. dxe4 dxe4 20. Qxd6 Bxd6 21. f4 exf3 22. Rxe8+ Rxe8 23. Nxf3 {0-1 (76) Matheson,L (2004)-Solomon,S (2371) Ballarat 2010}) 17. Nh4 {[%emt 0:04:32]} d5 {[%emt 0:01:17]} 18. f4 {[%emt 0:04:36]} Bd6 {[%emt 0:03:09]} 19. Qf3 {[%emt 0:12:49]} Qc7 {[%emt 0:05:16]} 20. g4 {[%emt 0:06:12]} exf4 {[%emt 0:03:19]} 21. Rf1 {[%emt 0:00:27]} Ne5 {[%emt 0:06:14]} 22. Qg2 {[%emt 0:02:06]} c4 {[%emt 0:17:38]} 23. d4 {[%emt 0:09:25]} Nd3 {[%emt 0:01:49]} 24. Bxd3 {[%emt 0:01:13]} cxd3 {[%emt 0:00:05]} 25. Qf3 {[%emt 0:00:15]} Qc4 {[%emt 0:03:10]} 26. Ng2 {[%emt 0:15:50]} b4 {[%emt 0:17:51]} 27. Bxf4 {[%emt 0:04:21]} Bxf4 {[%emt 0:00:39]} 28. Nxf4 {[%emt 0:00:17]} bxc3 {[%emt 0:02:22]} 29. bxc3 {[%emt 0:00:24]} d2 {[%emt 0:01:15]} 30. Rad1 {[%emt 0:15:15]} Ne4 {[%emt 0:00:43]} 31. h4 {[%emt 0:00:15]} Rac8 {[%emt 0:02:29]} 32. f6 {[%emt 0:02:09]} Qxc3 {[%emt 0:05:41]} 33. fxg7 {[%emt 0:00:46]} Qxd4+ {[%emt 0:03:08]} 34. Kh1 {[%emt 0:00:52]} Rc3 {[%emt 0:00:39]} 35. Nd3 {[%emt 0:01:32]} f6 {[%emt 0:00:34]} 36. Qf4 {[%emt 0:07:42]} Qxd3 {[%emt 0:00:22]} 37. Qxh6 {[%emt 0:06:33]} Qh3+ {[%emt 0:00:08]} 38. Kg1 {[%emt 0:00:22]} Rg3# {[%emt 0:00:05]} 0-1

[Event "EYTCC Open U18 2018"]
[Site "Bad Blankeburg"]
[Date "2018.07.18"]
[Round "7"]
[White "Vogel, Roven"]
[Black "Horvath, Dominik"]
[Result "0-1"]
[WhiteElo "2462"]
[BlackElo "2429"]
[Annotator "TA"]
[PlyCount "122"]
[EventDate "2018.07.12"]
[EventType "swiss"]
[EventCountry "GER"]
[SourceTitle "playchess.com"]
[Source "ChessBase"]
[SourceQuality "1"]
[WhiteTeam "Germany"]
[BlackTeam "Austria"]
[WhiteTeamCountry "GER"]
[BlackTeamCountry "AUT"]

{[%evp 16,122,0,0,51,37,28,36,53,62,73,0,11,0,54,0,23,8,8,0,0,0,0,0,0,0,0,0,0,0,0,-43,-39,-42,-38,-50,-59,-73,-21,-32,-8,-12,-18,-37,0,0,0,0,0,0,0,0,0,0,0,0,0,0,0,0,0,0,0,0,6,0,6,7,7,0,0,0,7,-6,-8,-8,-8,-8,-8,-8,-8,-8,-8,-8,-8,-8,-8,-137,-152,-153,-56,-60,-57,-51,-49,-73,-56,-77,-80,-1289,-1259,-1233,-1233,-1233,-1233,-1233,-1233,-1216,-1189]} 1. e4 e5 2. Nf3 Nc6 3. Nc3 Nf6 4. Be2 d5 5. exd5 Nxd5 6. O-O Nxc3 7. bxc3 e4 {C47: Schottisches Vierspringerspiel} 8. Ne1 Bd6 9. f3 {LiveBook: 28 Partien} Qh4 (9... Bf5 $11) (9... f5 10. fxe4 fxe4 11. Rb1 Qe7 12. d4 exd3 13. cxd3 Bd7 14. Rxb7 O-O-O 15. Rb2 {1-0 (29) Van Foreest,J (2629)-Giri,A (2752) Amstelveen 2017}) 10. g3 $14 Qe7 11. fxe4 h5 $146 ({Vorgänger:} 11... Bh3 12. Ng2 h5 13. d4 Bxg2 14. Kxg2 Qxe4+ 15. Bf3 {1-0 (36) Marosi,L (2318)-Bohus,A (2200) Balatonlelle 2016}) 12. d4 (12. Bxh5 g6 $16) 12... h4 13. Qd3 (13. g4 $16) 13... hxg3 $11 14. hxg3 Qe6 (14... Bd7 $11) 15. g4 Bd7 $1 ({Natürlich nicht} 15... Bh2+ $6 16. Kg2 $16) 16. Ng2 O-O-O 17. Bf4 Bxf4 18. Nxf4 Qh6 $36 {[%csl Gh8][%cal Rh6h2][%mdl 2048] Schwarz hat Initiative.} 19. Qg3 $1 ({Jedoch nicht} 19. Nh5 $2 g6 $19) 19... Qh1+ 20. Kf2 Qxe4 21. Bd3 Qe7 $1 22. Nd5 {[%csl Gd5][%cal Rg3c7]} Qh4 23. Qxh4 Rxh4 24. Ne3 Rh2+ 25. Kg1 Rdh8 26. Be4 R2h3 (26... Nd8 $17) 27. Rae1 Re8 28. Kg2 Rh6 29. Bd5 f6 30. Nf5 Rxe1 31. Rxe1 Bxf5 32. gxf5 {[%mdl 4096] Endspiel KTL-KTS} Kd7 33. Kg3 Ne7 34. Be4 c6 35. c4 Rh5 36. Kf4 Rh4+ 37. Kg3 Rh5 38. Kf4 Rh4+ 39. Kg3 Rh7 40. Kf4 Ng8 41. c5 Rh4+ 42. Kg3 Rh5 43. Rb1 Kc7 44. d5 Nh6 45. d6+ Kc8 46. Re1 Nxf5+ 47. Bxf5+ Rxf5 {KT-KT} 48. Re8+ Kd7 49. Re7+ Kd8 50. Rxb7 Rxc5 51. Kf4 (51. Rxg7 $11 {hält das Gleichgewicht.} Rxc2 52. Rxa7) 51... g5+ $1 $17 ({Keinesfalls} 51... Rxc2 52. Rxg7 Rf2+ 53. Ke4 $15) 52. Kg4 Rd5 (52... Rxc2 $17 {Und ...Td2 würde nun gewinnen.} 53. Kf5 Rxa2 54. Kxf6 g4) 53. Rxa7 $15 Rxd6 54. Kf5 Rd7 55. Ra6 {[#]} Ke7 $1 {...Td5+ ist eine echte Drohung.} 56. Rxc6 {[#]} Rd5+ $1 57. Kg6 $2 {[%mdl 8192]} (57. Ke4 $17 Re5+ 58. Kd3) 57... g4 $19 {Schwarz steht klar auf Gewinn.} 58. Rc7+ Ke6 59. Rc6+ Ke5 60. c4 Rd6 61. Rc5+ Ke4 {Precision: Weiß = 49%, Schwarz = 65%.} 0-1

[Event "EYTCC Open U18 2018"]
[Site "Bad Blankeburg"]
[Date "2018.07.18"]
[Round "7"]
[White "Gumularz, Szymon"]
[Black "Nikitenko, Mihail"]
[Result "1/2-1/2"]
[WhiteElo "2461"]
[BlackElo "2371"]
[Annotator "RC"]
[PlyCount "145"]
[EventDate "2018.07.12"]
[EventType "swiss"]
[EventCountry "GER"]
[SourceTitle "playchess.com"]
[Source "ChessBase"]
[SourceQuality "1"]
[WhiteTeam "Poland"]
[BlackTeam "Belarus"]
[WhiteTeamCountry "POL"]
[BlackTeamCountry "BLR"]
[TimeControl "40/5400+30:1800+30"]

1. e4 {[%emt 0:00:00]} e5 {[%emt 0:00:07]} 2. Nf3 {[%emt 0:00:00]} Nc6 {[%emt 0:00:06]} 3. Bc4 {[%emt 0:00:00]} Bc5 {[%emt 0:00:11]} 4. c3 {[%emt 0:00:00]} Nf6 {[%emt 0:00:13]} 5. d3 {[%emt 0:00:00]} d6 {[%emt 0:00:36]} 6. Bb3 {[%emt 0:00:04]} O-O {[%emt 0:00:11]} 7. Nbd2 {[%emt 0:00:35]} h6 {[%emt 0:00:31]} 8. h3 {[%emt 0:00:19]} a6 {[%emt 0:00:06]} 9. O-O {[%emt 0:00:30]} Be6 {[%emt 0:00:05]} 10. Re1 {[%emt 0:00:31]} Re8 {[%emt 0:02:47]} 11. Bc2 {[%emt 0:11:39]} Ba7 {[%emt 0:00:54]} 12. Nf1 {[%emt 0:00:11]} d5 {[%emt 0:00:07]} 13. exd5 {[%emt 0:00:06]} Bxd5 {[%emt 0:00:38]} 14. Ng3 {[%emt 0:00:07]} Qd7 {[%emt 0:03:50]} 15. Be3 {[%emt 0:00:06]} Bxe3 {[%emt 0:07:19]} 16. Rxe3 {[%emt 0:00:07]} Rad8 {[%emt 0:00:25]} 17. Qe2 {[%emt 0:00:08]} Bxf3 {[%emt 0:04:34]} 18. Qxf3 {[%emt 0:00:05]} Nd5 {[%emt 0:00:04]} 19. Ree1 {[%emt 0:00:04]} b5 {[%emt 0:04:51]} 20. Rad1 {[%emt 0:02:13]} b4 {[%emt 0:05:42]} 21. Ba4 {[%emt 0:33:33]} Re6 {[%emt 0:11:48]} 22. Ne4 {[%emt 0:01:20]} Qe7 {[%emt 0:05:29]} 23. Bb3 {[%emt 0:03:44]} Kf8 {[%emt 0:04:41]} 24. g3 {[%emt 0:01:29]} bxc3 {[%emt 0:04:02]} 25. bxc3 {[%emt 0:00:32]} Na5 {[%emt 0:00:24]} 26. Bxd5 {[%emt 0:05:11]} Rxd5 {[%emt 0:01:04]} 27. Ng5 {[%emt 0:00:43]} Red6 {[%emt 0:01:09]} 28. c4 {[%emt 0:01:25]} Nxc4 {[%emt 0:04:15]} 29. Ne4 {[%emt 0:00:12]} Nb6 {[%emt 0:01:33]} 30. Nxd6 {[%emt 0:00:05]} Qxd6 {[%emt 0:00:04]} 31. Rc1 {[%emt 0:08:53]} Kg8 {[%emt 0:04:07]} 32. d4 {[%emt 0:00:38]} Rxd4 {[%emt 0:04:08]} 33. Qb7 {[%emt 0:00:47]} c5 {[%emt 0:04:23]} 34. Qxa6 {[%emt 0:01:25]} Rd2 {[%emt 0:02:49]} 35. Qb5 {[%emt 0:08:58]} Nd7 {[%emt 0:02:53]} 36. Re2 {[%emt 0:06:18]} Rd4 {[%emt 0:01:13]} 37. Qb7 {[%emt 0:10:45]} h5 {[%emt 0:02:58]} 38. h4 {[%emt 0:01:11]} Qg6 {[%emt 0:02:23]} 39. a4 {[%emt 0:02:49]} Qg4 {[%emt 0:00:10]} 40. Ra2 {[%emt 0:00:36]} e4 {[%emt 0:01:55]} 41. Qb5 {[%emt 0:22:59]} e3 {[%emt 0:12:06]} 42. Qe2 {[%emt 0:02:04]} exf2+ {[%emt 0:00:07]} 43. Kxf2 {[%emt 0:04:29]} Qh3 {[%emt 0:00:15]} 44. Qf1 {[%emt 0:00:57]} Qf5+ {[%emt 0:01:38]} 45. Kg1 {[%emt 0:00:16]} Qg4 {[%emt 0:00:08]} 46. Kg2 {[%emt 0:00:59]} Ne5 {[%emt 0:05:42]} 47. Qe2 {[%emt 0:01:34]} Rxa4 {[%emt 0:00:16]} 48. Rb2 {[%emt 0:00:57]} Qxe2+ {[%emt 0:02:34]} 49. Rxe2 {[%emt 0:00:02]} Nd3 {[%emt 0:00:06]} 50. Rb1 {[%emt 0:00:47]} Rg4 {[%emt 0:02:13]} 51. Re7 {[%emt 0:01:11]} f6 {[%emt 0:01:04]} 52. Rb8+ {[%emt 0:00:37]} Kh7 {[%emt 0:00:06]} 53. Rc8 {[%emt 0:00:24]} c4 {[%emt 0:00:07]} 54. Rc6 {[%emt 0:00:39]} Kh6 {[%emt 0:01:21]} 55. Rc8 {[%emt 0:00:14]} Ne5 {[%emt 0:01:50]} 56. Rh8+ {[%emt 0:00:54]} Kg6 {[%emt 0:00:06]} 57. Kh3 {[%emt 0:00:52]} Nd3 {[%emt 0:02:46]} 58. Rc8 {[%emt 0:00:54]} f5 {[%emt 0:02:37]} 59. Rc6+ {[%emt 0:00:32]} Kh7 {[%emt 0:00:09]} 60. Rec7 {[%emt 0:00:38]} f4 {[%emt 0:01:08]} 61. gxf4 {[%emt 0:00:06]} Nxf4+ {[%emt 0:00:20]} 62. Kh2 {[%emt 0:00:00]} Rxh4+ {[%emt 0:00:16]} 63. Kg3 {[%emt 0:00:04]} Rg4+ {[%emt 0:00:05]} 64. Kf3 {[%emt 0:00:38]} Nd5 {[%emt 0:03:39]} 65. Rd7 {[%emt 0:00:27]} Rf4+ {[%emt 0:00:09]} 66. Kg3 {[%emt 0:00:25]} h4+ {[%emt 0:00:18]} 67. Kh3 {[%emt 0:00:09]} Nf6 {[%emt 0:00:27]} 68. Rdc7 {[%emt 0:00:16]} Kh6 {[%emt 0:00:27]} 69. Rxc4 {[%emt 0:00:17]} Rxc4 {[%emt 0:00:04]} 70. Rxc4 {[%emt 0:00:04]} g5 {[%emt 0:00:03]} 71. Ra4 {[%emt 0:00:39]} Kh5 {[%emt 0:00:16]} 72. Ra5 {[%emt 0:00:04]} Kg6 {[%emt 0:00:31]} 73. Ra4 {[%emt 0:00:05]} 1/2-1/2

[Event "EYTCC Open U18 2018"]
[Site "Bad Blankeburg"]
[Date "2018.07.18"]
[Round "7"]
[White "Blohberger, Felix"]
[Black "Keymer, Vincent"]
[Result "0-1"]
[WhiteElo "2420"]
[BlackElo "2466"]
[Annotator "ChessBase"]
[PlyCount "84"]
[EventDate "2018.07.12"]
[EventType "swiss"]
[EventCountry "GER"]
[SourceTitle "playchess.com"]
[Source "ChessBase"]
[SourceQuality "1"]
[WhiteTeam "Austria"]
[BlackTeam "Germany"]
[WhiteTeamCountry "AUT"]
[BlackTeamCountry "GER"]
[TimeControl "40/5400+30:1800+30"]

1. e4 {[%emt 0:00:00]} c5 {[%emt 0:00:00]} 2. Nf3 {[%emt 0:00:00]} d6 {[%emt 0:00:00]} 3. Bb5+ {[%emt 0:00:00]} Nd7 {[%emt 0:00:00]} 4. d4 {[%emt 0:00:57]} cxd4 {[%emt 0:00:00]} 5. Qxd4 {[%emt 0:00:12]} a6 {[%emt 0:00:00]} 6. Bxd7+ {[%emt 0:00:12]} Bxd7 {[%emt 0:00:04]} 7. O-O {[%emt 0:00:15]} e5 {[%emt 0:00:25]} 8. Qd3 {[%emt 0:00:13]} Qc7 {[%emt 0:00:09]} 9. c4 {[%emt 0:14:08]} b5 {[%emt 0:00:16]} 10. b3 {[%emt 0:05:02]} bxc4 {[%emt 0:01:23]} 11. bxc4 {[%emt 0:00:11]} Rc8 {[%emt 0:00:11]} 12. Na3 {[%emt 0:01:33]} Be7 {[%emt 0:13:59]} 13. Be3 {[%emt 0:06:39]} Nf6 {[%emt 0:00:15]} 14. Bg5 {[%emt 0:07:13]} O-O {[%emt 0:02:51]} 15. Rac1 {[%emt 0:04:05]} h6 {[%emt 0:05:31]} 16. Bxf6 {[%emt 0:00:11]} Bxf6 {[%emt 0:00:06]} 17. Rfd1 {[%emt 0:00:48]} Be6 {[%emt 0:02:22]} 18. Rc2 {[%emt 0:20:01]} Qa7 {[%emt 0:07:27]} 19. Rdc1 {[%emt 0:02:17]} Rc6 {[%emt 0:00:57]} 20. Nb1 {[%emt 0:05:14]} Rfc8 {[%emt 0:00:30]} 21. Nbd2 {[%emt 0:01:51]} Bd8 {[%emt 0:09:29]} 22. h3 {[%emt 0:05:45]} Bb6 {[%emt 0:03:11]} 23. Nf1 {[%emt 0:02:41]} Bc5 {[%emt 0:02:31]} 24. N3h2 {[%emt 0:03:49]} Rb8 {[%emt 0:05:41]} 25. Ng4 {[%emt 0:01:07]} h5 {[%emt 0:04:22]} 26. Nge3 {[%emt 0:00:35]} g6 {[%emt 0:02:57]} 27. Kh2 {[%emt 0:03:18]} Kg7 {[%emt 0:04:01]} 28. Rd1 {[%emt 0:01:56]} Bd4 {[%emt 0:07:14]} 29. f4 {[%emt 0:03:49]} Bxe3 {[%emt 0:05:06]} 30. Nxe3 {[%emt 0:00:09]} exf4 {[%emt 0:00:10]} 31. Nd5 {[%emt 0:00:55]} Bxd5 {[%emt 0:01:28]} 32. exd5 {[%emt 0:02:14]} Rcc8 {[%emt 0:01:45]} 33. Re1 {[%emt 0:01:26]} Re8 {[%emt 0:01:34]} 34. Rce2 {[%emt 0:00:21]} Rxe2 {[%emt 0:01:38]} 35. Rxe2 {[%emt 0:00:06]} Qc5 {[%emt 0:07:10]} 36. Qe4 {[%emt 0:03:58]} Rb4 {[%emt 0:06:01]} 37. Qxf4 {[%emt 0:00:25]} Rxc4 {[%emt 0:00:04]} 38. Qf3 {[%emt 0:00:50]} Rc3 {[%emt 0:02:52]} 39. Qe4 {[%emt 0:00:50]} Rc1 {[%emt 0:00:11]} 40. Re3 {[%emt 0:04:07]} Rd1 {[%emt 0:02:44]} 41. Rd3 {[%emt 0:09:35]} Qg1+ {[%emt 0:00:21]} 42. Kg3 {[%emt 0:00:05]} h4+ {[%emt 0:00:04]} 0-1

[Event "EYTCC Open U18 2018"]
[Site "Bad Blankeburg"]
[Date "2018.07.18"]
[Round "7"]
[White "Martin, Julian"]
[Black "Morgunov, Marc"]
[Result "0-1"]
[WhiteElo "2415"]
[BlackElo "2362"]
[Annotator "ChessBase"]
[PlyCount "90"]
[EventDate "2018.07.12"]
[EventType "swiss"]
[EventCountry "GER"]
[SourceTitle "playchess.com"]
[Source "ChessBase"]
[SourceQuality "1"]
[WhiteTeam "Germany"]
[BlackTeam "Austria"]
[WhiteTeamCountry "GER"]
[BlackTeamCountry "AUT"]
[TimeControl "40/5400+30:1800+30"]

1. e4 {[%emt 0:00:00]} e5 {[%emt 0:00:00]} 2. Nf3 {[%emt 0:00:00]} Nc6 {[%emt 0:00:00]} 3. Bc4 {[%emt 0:00:00]} Bc5 {[%emt 0:00:00]} 4. d3 {[%emt 0:00:00]} Nf6 {[%emt 0:02:40]} 5. O-O {[%emt 0:00:22]} O-O {[%emt 0:01:11]} 6. h3 {[%emt 0:00:03]} d6 {[%emt 0:06:37]} 7. c3 {[%emt 0:00:40]} a5 {[%emt 0:02:55]} 8. Re1 {[%emt 0:00:42]} Bb6 {[%emt 0:13:40]} 9. Nbd2 {[%emt 0:03:45]} Ne7 {[%emt 0:02:20]} 10. d4 {[%emt 0:03:59]} Ng6 {[%emt 0:03:58]} 11. Bd3 {[%emt 0:02:16]} c6 {[%emt 0:04:16]} 12. Nf1 {[%emt 0:03:42]} exd4 {[%emt 0:05:45]} 13. cxd4 {[%emt 0:02:07]} Nh5 {[%emt 0:01:26]} 14. Bg5 {[%emt 0:03:56]} f6 {[%emt 0:02:07]} 15. Be3 {[%emt 0:01:54]} Nhf4 {[%emt 0:01:50]} 16. Bc2 {[%emt 0:10:28]} d5 {[%emt 0:04:34]} 17. Bxf4 {[%emt 0:16:34]} Nxf4 {[%emt 0:02:06]} 18. exd5 {[%emt 0:00:12]} cxd5 {[%emt 0:01:57]} 19. Ne3 {[%emt 0:01:35]} Be6 {[%emt 0:04:14]} 20. h4 {[%emt 0:01:19]} g6 {[%emt 0:02:13]} 21. g3 {[%emt 0:04:23]} Nh5 {[%emt 0:00:07]} 22. Nc4 {[%emt 0:10:07]} Ng7 {[%emt 0:07:00]} 23. Nxb6 {[%emt 0:00:46]} Qxb6 {[%emt 0:00:11]} 24. Re3 {[%emt 0:13:42]} Bg4 {[%emt 0:05:03]} 25. Rb3 {[%emt 0:03:14]} Qd6 {[%emt 0:00:23]} 26. Rxb7 {[%emt 0:01:44]} Rab8 {[%emt 0:00:13]} 27. Rxb8 {[%emt 0:00:49]} Rxb8 {[%emt 0:00:05]} 28. Bb3 {[%emt 0:03:34]} a4 {[%emt 0:05:57]} 29. Bxa4 {[%emt 0:01:48]} Nf5 {[%emt 0:00:12]} 30. Bb3 {[%emt 0:08:07]} Nxg3 {[%emt 0:05:07]} 31. Qd3 {[%emt 0:00:26]} Kg7 32. Re1 {[%emt 0:01:24]} Ne4 {[%emt 0:03:11]} 33. Qe3 {[%emt 0:01:28]} Re8 {[%emt 0:00:25]} 34. Nh2 {[%emt 0:00:20]} Bd7 {[%emt 0:02:28]} 35. Bd1 {[%emt 0:01:10]} Ng5 {[%emt 0:02:38]} 36. Qd2 {[%emt 0:00:12]} Qf4 {[%emt 0:00:11]} 37. Re3 Nh3+ {[%emt 0:05:29]} 38. Kg2 {[%emt 0:01:15]} Re4 {[%emt 0:00:26]} 39. Bf3 {[%emt 0:00:43]} Qxh4 {[%emt 0:01:55]} 40. Bxe4 {[%emt 0:00:41]} Qg5+ {[%emt 0:00:07]} 41. Ng4 {[%emt 0:05:14]} Bxg4 {[%emt 0:01:01]} 42. Kh2 {[%emt 0:12:28]} Qf4+ {[%emt 0:02:32]} 43. Kg2 {[%emt 0:00:36]} dxe4 {[%emt 0:00:11]} 44. Qc2 {[%emt 0:00:20]} Bf3+ {[%emt 0:01:44]} 45. Kf1 {[%emt 0:00:07]} Qh2 {[%emt 0:00:50]} 0-1

[Event "EYTCC Open U18 2018"]
[Site "Bad Blankeburg"]
[Date "2018.07.18"]
[Round "7"]
[White "Zarubitski, Viachaslau"]
[Black "Janik, Igor"]
[Result "1/2-1/2"]
[WhiteElo "2412"]
[BlackElo "2420"]
[Annotator "TA"]
[PlyCount "110"]
[EventDate "2018.07.12"]
[EventType "swiss"]
[EventCountry "GER"]
[SourceTitle "playchess.com"]
[Source "ChessBase"]
[SourceQuality "1"]
[WhiteTeam "Belarus"]
[BlackTeam "Poland"]
[WhiteTeamCountry "BLR"]
[BlackTeamCountry "POL"]

{[%evp 16,110,33,-4,35,38,119,79,78,71,87,58,51,25,10,14,13,0,0,0,0,0,34,22,27,17,29,22,58,13,13,10,11,0,0,0,0,-15,-14,-35,-8,-12,-8,-11,0,-5,-4,-32,-27,-70,-57,-73,-81,-71,-76,-58,-52,-127,-130,-129,-78,-89,-84,-93,-69,-169,-37,-56,-56,-57,-52,-60,-67,-74,-62,-147,-75,-131,-35,-49,-8,-8,0,0,0,-35,0,-2,-2,-8,0,0,14,25,14,8,176]} 1. e4 c5 2. Nf3 e6 3. d4 cxd4 4. Nxd4 Nc6 5. Nc3 Qc7 6. g3 Nf6 7. Bg2 Nxd4 {B47: Sicilian: Taimanov: 5 Nc3 Qc7 6 f4, 6 g3 and 6 Be2} (7... a6 8. O-O Be7 9. Be3 O-O 10. f4 d6 11. Kh1 Bd7 12. Nb3 b5 13. a3 b4 14. axb4 Nxb4 15. g4 h6 16. Nd4 Rab8 17. h4 h5 18. gxh5 Rfc8 19. Bf3 e5 20. fxe5 dxe5 {0-1 (32) Guseinov,G (2625)-So,W (2640) Khanty-Mansiysk 2009}) 8. Qxd4 Bc5 9. Bf4 {LiveBook: 5 Games. aiming for Qxf6.} Bxd4 ({Don't play} 9... Qb6 $6 10. Qd2 $16) 10. Bxc7 a6 $146 ({Better is} 10... Bxc3+ $14 11. bxc3 b6) ({Predecessor:} 10... Bxc3+ 11. bxc3 b6 12. e5 Nd5 13. Bd6 Ba6 14. Bxd5 exd5 15. a4 O-O-O 16. Kd2 Kb7 17. a5 Bc4 18. h4 h5 19. Rhb1 Rh6 20. axb6 axb6 21. Bc5 Rc6 {½-½ (21) Vratny,R (2198)-Langner,L (2350) Czechia 2012}) 11. Bd6 Ng4 12. O-O Be5 13. Rad1 (13. Bc5 {is more complex.} d6 14. Ba3 Bd7 15. Rfd1 Rc8 16. Bxd6 h5 17. Bb4) 13... b5 14. h3 Bxd6 15. Rxd6 Ne5 16. b3 Ke7 17. Rfd1 Ra7 18. f4 Ng6 19. Ne2 Rc7 20. c3 Bb7 21. Kf2 (21. h4 {feels hotter.} Ra8 22. h5 Nh8 23. f5 e5 24. h6) 21... Rhc8 22. e5 (22. h4 {with more complications.} Ke8 23. Bf3 Bc6 24. h5 Ne7 25. g4) 22... Bxg2 23. Kxg2 Ra7 24. Rb6 Kd8 25. Rdd6 Rca8 26. Rd2 Ne7 27. Rbd6 Rc7 28. Kf3 Nc8 29. R6d3 Ke7 30. Ke4 Nb6 31. f5 Nd5 32. Rf3 Rac8 {[%cal Rd5c3]} 33. Rdd3 Rc5 34. g4 h6 35. h4 f6 36. fxe6 (36. exf6+ $1 $15 Nxf6+ 37. Kf4) 36... dxe6 $17 {Hoping for ...h5!} 37. exf6+ gxf6 (37... Nxf6+ $142 38. Kf4 g5+ 39. Kg3 gxh4+ 40. Kxh4 Rg5) 38. Rh3 a5 {[%cal Ba6a5,Ba5a4][%mdl 32]} 39. Rdg3 a4 40. Kd4 (40. Rd3 $1 $15) 40... Nb6 (40... e5+ $19 41. Ke4 axb3 42. axb3 Ke6) 41. g5 fxg5 42. hxg5 hxg5 43. Rh7+ Kd6 44. Rg7 Rd5+ 45. Ke3 {[#]} (45. Ke4 $1 $15) 45... Rcc5 ({Black should try} 45... Rd1 $1 {Threatens to win with ...Nd5+.} 46. Ke4 Nd5 47. R7xg5 Rh8) 46. Rg4 {[#]} (46. Rg1 $142) 46... Rf5 ({Black should play} 46... Rd1 $1 $17 {...Nd5+ is the strong threat.} 47. Rd4+ Nd5+ 48. Ke4 Rxd4+ 49. Kxd4 e5+ 50. Ke4 axb3 51. axb3 Nxc3+ 52. Nxc3 Rxc3 53. Rg6+ Kc5 54. Rxg5 Rxb3 55. Rxe5+ Kc4) 47. Kd2 $15 Rce5 48. Rg2 $1 Rd5+ 49. Kc2 Rfe5 50. Ng3 Re3 {White must now prevent ...Rde5.} 51. Nf1 Re1 52. Nd2 a3 {And now ...Ra1 would win.} 53. Nb1 ({Much worse is} 53. R7xg5 Ra1 $17) 53... Rf5 54. Nxa3 Nd5 55. Nxb5+ Ke5 $2 {Precision: White = 25%, Black = 52%.} (55... Kc5 $11 {and Black stays safe.} 56. Rh2 Kxb5 57. c4+ Kb4 58. cxd5 exd5) 1/2-1/2

[Event "EYTCC Open U18 2018"]
[Site "Bad Blankeburg"]
[Date "2018.07.18"]
[Round "7"]
[White "Badelka, Olga"]
[Black "Teclaf, Pawel"]
[Result "1/2-1/2"]
[WhiteElo "2407"]
[BlackElo "2399"]
[Annotator "ChessBase"]
[PlyCount "62"]
[EventDate "2018.07.12"]
[EventType "swiss"]
[EventCountry "GER"]
[SourceTitle "playchess.com"]
[Source "ChessBase"]
[SourceQuality "1"]
[WhiteTeam "Belarus"]
[BlackTeam "Poland"]
[WhiteTeamCountry "BLR"]
[BlackTeamCountry "POL"]
[TimeControl "40/5400+30:1800+30"]

1. d4 {[%emt 0:00:00]} d5 {[%emt 0:00:00]} 2. c4 {[%emt 0:00:00]} e6 {[%emt 0:00:00]} 3. Nc3 {[%emt 0:00:02]} c5 {[%emt 0:00:00]} 4. cxd5 {[%emt 0:02:36]} exd5 {[%emt 0:00:00]} 5. Nf3 {[%emt 0:01:27]} Nf6 {[%emt 0:01:36]} 6. g3 {[%emt 0:03:12]} Nc6 {[%emt 0:00:43]} 7. Bg2 {[%emt 0:00:39]} Be7 {[%emt 0:00:19]} 8. dxc5 {[%emt 0:01:42]} Bxc5 {[%emt 0:01:36]} 9. O-O {[%emt 0:00:13]} O-O {[%emt 0:00:11]} 10. Bg5 {[%emt 0:00:31]} d4 {[%emt 0:00:17]} 11. Na4 {[%emt 0:08:54]} Be7 {[%emt 0:12:27]} 12. Rc1 {[%emt 0:00:04]} h6 {[%emt 0:02:26]} 13. Bf4 {[%emt 0:02:36]} Nh5 {[%emt 0:32:57]} 14. Bd2 {[%emt 0:02:51]} Be6 {[%emt 0:01:46]} 15. Nc5 {[%emt 0:01:32]} Bxc5 {[%emt 0:00:33]} 16. Rxc5 {[%emt 0:00:06]} Nf6 {[%emt 0:00:38]} 17. a3 {[%emt 0:24:03]} Ne4 {[%emt 0:01:05]} 18. Rb5 {[%emt 0:08:38]} a6 {[%emt 0:10:11]} 19. Rxb7 {[%emt 0:01:20]} Nc5 {[%emt 0:02:49]} 20. Rb4 {[%emt 0:00:05]} Rc8 {[%emt 0:01:05]} 21. Ne1 {[%emt 0:13:35]} Nxb4 {[%emt 0:00:53]} 22. Bxb4 {[%emt 0:00:03]} Re8 {[%emt 0:02:29]} 23. Bxc5 {[%emt 0:05:10]} Rxc5 {[%emt 0:00:04]} 24. Nd3 {[%emt 0:00:08]} Rc7 {[%emt 0:04:47]} 25. Nf4 {[%emt 0:06:18]} Bc4 {[%emt 0:02:45]} 26. Qd2 {[%emt 0:00:14]} Qd6 {[%emt 0:02:16]} 27. Bf3 {[%emt 0:01:36]} Rd8 {[%emt 0:01:03]} 28. h4 {[%emt 0:01:42]} Be6 {[%emt 0:03:24]} 29. Be4 {[%emt 0:01:50]} Qe5 {[%emt 0:00:36]} 30. Nxe6 {[%emt 0:01:09]} Qxe6 {[%emt 0:00:11]} 31. Bd3 {[%emt 0:00:17]} Qb6 {[%emt 0:03:01]} 1/2-1/2